• 首页
  • 本馆介绍
  • 公告通知
  • 最新文献
  • 馆藏检索
  • 电子资源
  • 读者导购
  • 参考咨询
  • 我的图书馆
  • 登录
  • 详细信息显示
  • 放入我的书架
  • 预约/预借图书
  • 作者相关作品
  • 分类相关作品
  • 丛书相关作品
  • 出版社相关作品

书目信息

  • 表格格式
  • 工作单格式
  • 卡片格式
题名:
社会服务与管理
    
 
作者: 李立国 主编
分册:  
出版信息: 北京   人民出版社  2011
页数: 264页
开本: 24cm
丛书名:
单 册:
中图分类: D669.3
科图分类:
主题词: 社会服务--案例--中国 , 社会服务
电子资源:
ISBN: 978-7-5099-0205-9
000 01118nam0 22002651 450
001 519
005 20140905100952.35
010    @a978-7-5099-0205-9@dCNY36.00
100    @a20111102d2011 em y0chiy50 ea
101 0  @achi
102    @aCN@b110000
105    @aa z 000yy
106    @ar
200 1  @a社会服务与管理@AShe Hui Fu Wu Yu Guan Li@f李立国主编@FLi Li Guo Zhu Bian
210    @a北京@c人民出版社@c党建读物出版社@d2011
215    @a264页@c彩照@d24cm
300    @a科学发展主题案例
304    @a全国干部培训教材编审指导委员会组织编写
330    @a本书总论介绍了社会服务与管理的基本内涵、基本目标、主要任务、基本原则和我国社会服务与管理的发展状况。从社会组织、社会福利、社会事务、社区建设、社会工作、优抚安置、行政区划管理等七个方面介绍典型案例,反映了我国通过拓展社会服务范围、扩大社会参与、推进社会管理体制创新以解决群众困难、方便群众生活、促进社会公平、维护社会稳定、实现社会和谐等方面所作的实践。
606 0  @a社会服务@x案例@y中国
606 0  @a社会服务
690    @aD669.3@v5
701  0 @a李立国@ALi Li Guo@g(民政部)@4主编
801  0 @aCN@bTANGWEI@c20140603
905    @b0836745-47@dD669.3@e141@f3
    
    社会服务与管理/李立国主编.-北京:人民出版社:党建读物出版社,2011
    264页:彩照;24cm
    科学发展主题案例
    
    ISBN 978-7-5099-0205-9:CNY36.00
    本书总论介绍了社会服务与管理的基本内涵、基本目标、主要任务、基本原则和我国社会服务与管理的发展状况。从社会组织、社会福利、社会事务、社区建设、社会工作、优抚安置、行政区划管理等七个方面介绍典型案例,反映了我国通过拓展社会服务范围、扩大社会参与、推进社会管理体制创新以解决群众困难、方便群众生活、促进社会公平、维护社会稳定、实现社会和谐等方面所作的实践。
●
相关链接 在E读中查询图书 在五车中查询图书 在当当中查询图书 在豆瓣中查询图书


正题名:社会服务与管理     索取号:D669.3/141         预约/预借

序号 登录号 条形码 馆藏地/架位号 状态 备注
1 0836745   208367453   第一样本阅览室/ [索取号:D669.3/141] 在馆    
2 0836746   208367462   第一借阅区/ [索取号:D669.3/141] 在馆    
3 0836747   208367471   密集书库-史法系/ [索取号:D669.3/141] 在馆    
唐山师范学院图书馆 欢迎您!
大连网信软件有限公司© 版权所有